|
|
|
|
| LEADER |
00658nam a2200205 4500 |
| 020 |
|
|
|
| 082 |
|
|
|a 658.3N LEW
|
| 100 |
|
|
|a Lewicki, Roy J, et al.
|
| 245 |
|
|
|a Essentials of negotiation
|c Lewicki, Roy J, et al.
|
| 250 |
|
|
|a 2 edition
|
| 260 |
|
|
|a Irwin McGraw-Hill, Boston
|c 2001
|
| 300 |
|
|
|a 256 p
|
| 490 |
|
|
|
| 500 |
|
|
|
| 590 |
|
|
|
| 650 |
|
|
|a Negotiation
|
| 942 |
|
|
|c BK
|
| 999 |
|
|
|c 137805
|d 137805
|
| 952 |
|
|
|0 0
|1 0
|4 0
|6 658_000000000000000_3N_LEW
|7 0
|9 151265
|a IMK
|b IMK
|l 0
|o 658.3N LEW
|p IMK04811
|r 2019-10-25
|w 2019-10-25
|y BK
|
| 952 |
|
|
|0 0
|1 0
|2 ddc
|4 0
|6 658_300000000000000_LEW
|7 0
|9 327298
|a DFS
|b DFS
|d 2020-10-23
|l 0
|o 658.3 LEW
|p DFS3061
|r 2020-10-23
|w 2020-10-23
|y BK
|